Random Objects by Picture #10 - Statistics

General Stats
  • This quiz has been taken 4 times
  • The average score is 6 of 18
Answer Stats
Picture Answer % Correct
Luigi
100%
Tails
50%
Toadette
50%
Black Aurochs
25%
Boots
25%
Capybara
25%
Cinereous Vulture
25%
Classic Tails
25%
Gazelle
25%
Kudu
25%
Mangshan Pit Viper
25%
Megabat
25%
Swiper The Fox
25%
Takin
25%
Thomson's Gazelle
25%
Water Buffalo
25%
Wild Buffalo
25%
Wild Capybara
25%
No matching quizzes found
Score Distribution
Percent of People with Each Score
Percentile by Number Answered
Your Score History
You have not taken this quiz